Sports Quiz

Random Sports Quiz

Major Houston and Dallas Sport Teams Quiz Stats

 Plays Quiz not verified by Sporcle

Challenge
Share
Tweet
Embed
Score 0/8 Timer 05:00
0 Plays Today
Hint Answer % Correct
Dallas FootballDallas Cowboys
91.3%
Dallas HockeyDallas Stars
91.3%
Houston BaseballHouston Astros
91.3%
Houston FootballHouston Texans
91.3%
Houston BasketballHouston Rockets
87%
Dallas BasketballDallas Mavericks
82.6%
Dallas SoccerFC Dallas
56.5%
Houston Women BasketballHouston Comets
52.2%

You're not logged in!

Compare scores with friends on all Sporcle quizzes.
Join for Free
OR
Log In

You Might Also Like...

Show Comments

Extras

Created Jan 3, 2017ReportNominate
Tags:galla, houston, major, team

Top Quizzes Today


Score Distribution

Your Account Isn't Verified!

In order to create a playlist on Sporcle, you need to verify the email address you used during registration. Go to your Sporcle Settings to finish the process.

Report this User

Report this user for behavior that violates our Community Guidelines.

Details: